[Event "EU-chT (Men) 13th"]
[Site "Leon"]
[Date "2001.11.09"]
[Round "4.1"]
[White "Adams, Michael"]
[Black "Bacrot, Etienne"]
[Result "1-0"]
[WhiteElo "2731"]
[BlackElo "2653"]
[Annotator "Wedberg,T"]
[PlyCount "59"]
[EventDate "2001.11.06"]
[EventType "team-swiss"]
[EventRounds "9"]
[EventCountry "ESP"]
[SourceTitle "CBM 086"]
[Source "ChessBase"]
[SourceDate "2002.02.05"]
[SourceVersion "1"]
[SourceVersionDate "2002.02.05"]
[SourceQuality "1"]
[WhiteTeam "England"]
[BlackTeam "France"]
[WhiteTeamCountry "ENG"]
[BlackTeamCountry "FRA"]

1. e4 e5 2. Nf3 Nc6 3. Bb5 a6 4. Ba4 Nf6 5. O-O Be7 6. Re1 b5 7. Bb3 d6 8. c3
O-O 9. h3 Bb7 10. d4 Re8 11. Nbd2 Bf8 12. d5 Nb8 13. Nf1 Nbd7 14. N3h2 Nc5 15.
Bc2 a5 (15... c6 {is the main alternative, see Adams - Belyavsky from the same
event.}) 16. Ng4 Nxg4 (16... Be7 17. Nxf6+ Bxf6 18. Be3 c6 19. Qe2 Qc7 20. Rad1
Rad8 21. Ng3 g6 22. b4 Na4 $132 {0-1 Jansa,V-Ibragimov,I/Fuerth 2001/EXT 2002 
(79)}) 17. hxg4 {Capturing with the P gives White more options on the K-side.}
Be7 (17... c6 18. Ne3 Be7 19. Nf5 g6 20. Nxe7+ Qxe7 21. Be3 Rec8 22. Qd2 cxd5
23. exd5 f6 24. f4 Qd7 25. g5 $36 {1/2-1/2 Almasi,Z-Bacrot,E/Szeged 2000/CBM
78/[Kostakiev,D] (39)}) 18. Ne3 $146 {[%mdl 8]} (18. Be3 c6 19. Qe2 Bg5 20.
Bxc5 dxc5 21. Rad1 Qd7 22. c4 Ba6 23. Ne3 g6 $15 {1/2-1/2 Almasi,Z-Bacrot,E/
Szeged 2000/CBM 78/[Hecht] (68)}) 18... Bg5 19. b4 $1 {White shifts his
interest to the Q-side. The b5-P is a target.} axb4 20. cxb4 Na4 $6 {The N is
losing contact with the important squares c6 and d6.} (20... Na6 $5) 21. Qd3 $1
Qd7 22. Nf5 Bxc1 23. Raxc1 Nb6 24. Bb3 $16 {[%csl Rc7][%mdl 16] Black's
position is all weaknesses now.} f6 (24... g6 25. Ne3 c6 26. dxc6 Bxc6 27. g5
$16) 25. Rc3 g6 26. Ne3 Kg7 27. Rec1 Rac8 28. Bd1 $1 {[%csl Rb5][%cal Yd1e2]}
c6 29. dxc6 Rxc6 30. Qxb5 1-0

[Event "Hoogovens"]
[Site "Wijk aan Zee"]
[Date "1997.01.22"]
[Round "4"]
[White "Onischuk, Alexander"]
[Black "Piket, Jeroen"]
[Result "1/2-1/2"]
[WhiteElo "2580"]
[BlackElo "2640"]
[Annotator "Wedberg,T"]
[PlyCount "83"]
[EventDate "1997.01.18"]
[EventType "tourn"]
[EventRounds "13"]
[EventCountry "NED"]
[EventCategory "16"]
[SourceTitle "CBM 057"]
[Source "ChessBase"]
[SourceDate "1997.04.01"]
[SourceVersion "1"]
[SourceVersionDate "1997.04.01"]
[SourceQuality "1"]

1. e4 e5 2. Nf3 Nc6 3. Bb5 a6 4. Ba4 Nf6 5. O-O Be7 6. Re1 b5 7. Bb3 d6 8. c3
O-O 9. h3 Nd7 10. d4 Bf6 11. a4 Bb7 12. Na3 exd4 13. cxd4 Re8 14. Bf4 Na5 15.
Bc2 b4 16. Nb1 c5 (16... b3 17. Bd3 c5 18. Nbd2 cxd4 19. Bxd6 Qb6 20. e5 Be7
21. Ne4 Rad8 22. Qc1 (22. Nfg5 $5) 22... Bxe4 23. Bc7 Qb4 24. Bxe4 Nc5 25. Bxd8
Rxd8 $44 {Ernst,Th-Tisdall,J/Gausdal 52/350 1991 (44)}) (16... g6 17. Nbd2 Nf8
18. Bg3 Ne6 19. Nb3 Nxb3 20. Bxb3 c5 21. d5 Nd4 22. Nxd4 Bxd4 23. Re2 Qf6 $10 {
Hermansson,E-Barkhagen,J/SWE-ch op Vaxjo ,EXT 92ch 1992 (35)}) 17. Nbd2 Nf8
$146 (17... Qc7 18. Rc1 Rad8 19. Bb1 g6 20. Qc2 Qb6 21. dxc5 Nxc5 {1/2-1/2/
Luther,T-Lalic,B/Hastings/1996}) (17... cxd4 18. Bxd6 d3 19. Bxd3 Bxb2 20. Rb1
Qf6 21. Bxb4 Nc6 22. Qb3 Bd4 23. Nxd4 Nxd4 24. Qb2 $16 {Almasi,Z-Freire,R/
WchJM-U16 1991/1-0 (56)}) 18. e5 dxe5 19. dxe5 Be7 20. Qe2 Qb6 21. Bd3 Rad8 22.
Nc4 Nxc4 23. Bxc4 Qc6 24. b3 Ne6 $11 25. Be3 h6 26. Rad1 Bg5 $5 {A nice
P-sacrifice opens up the game.} (26... Nd4 27. Bxd4 Rxd4 28. e6 $14) 27. Rxd8
Rxd8 28. Bxe6 {White probably made this exchange reluctantly, since it weakens
the Q-side irrevocably.} (28. Rd1 $5 {Black threatened 27...Bxe3 28.Qxe3 Nd4.}
Rxd1+ 29. Qxd1 Bxe3 30. fxe3 Qe4 31. Kf2 $13) 28... Qxe6 29. Nxg5 hxg5 30. Bxg5
Rd4 {Now White has to think about how to make a draw. When b3 goes the passed
P:s garanties Black excellent winning chances.} 31. Be3 (31. Qc2 Qd5 32. f3 Rd3
33. Be7 Rc3 34. Qf2 Qxb3 $36) 31... Qd5 32. f3 Rd3 33. Bf2 Rxb3 34. Rc1 (34.
Rd1 Rb2 $1 $13) 34... Rc3 35. Rd1 Qc4 36. Rd8+ Kh7 37. Qd2 $1 $132 Qe6 38. Qg5
Qg6 39. Qh4+ Qh6 40. Qg4 Qg6 41. Qh4+ Qh6 42. Qg4 1/2-1/2

[Event "YUG-ch"]
[Site "Novi Sad"]
[Date "1995.??.??"]
[Round "?"]
[White "Popovic, Petar"]
[Black "Gligoric, Svetozar"]
[Result "1-0"]
[WhiteElo "2545"]
[BlackElo "2455"]
[Annotator "Wedberg,T"]
[PlyCount "167"]
[EventDate "1995.02.??"]
[EventType "tourn"]
[EventRounds "17"]
[EventCountry "YUG"]
[EventCategory "10"]
[SourceTitle "CBM 049"]
[Source "ChessBase"]
[SourceDate "1995.12.01"]
[SourceVersion "1"]
[SourceVersionDate "1995.12.01"]
[SourceQuality "1"]

1. e4 {Hecht} e5 2. Nf3 Nc6 3. Bb5 a6 4. Ba4 Nf6 5. O-O Be7 6. Re1 b5 7. Bb3 d6
8. c3 O-O 9. h3 Bb7 10. d4 Re8 11. Nbd2 Bf8 12. d5 Nb8 13. Nf1 Nbd7 14. Ng3 Nc5
15. Bc2 c6 (15... a5 16. a4 $1 (16. Be3 c6 17. c4 Qc7 18. dxc6 Bxc6 19. Nd2
Rab8 $10 {Kveinys,A-Stefansson,H/Moscow olm/1994}) 16... c6 17. axb5 cxd5 18.
exd5 Bxd5 19. Bg5 $1 Bc4 $6 20. Nd2 $1 Bxb5 21. Nde4 d5 $4 22. Bxf6 $18 {
Ivanchuk,V-Hjartarson,J/Moscow olm/1994}) (15... g6 16. Nh2 (16. b4 $5 Ncd7 17.
a4 $14) 16... h6 17. Qf3 Bg7 18. Ng4 Nxg4 19. hxg4 Qe7 $13 {Ramesh,R-Almasi,Z/
Bratislava WchJM-U18/1993 (24)}) 16. b4 Ncd7 17. dxc6 Bxc6 18. Bb3 h6 (18...
Nb6 19. Bg5 (19. Qd3 a5 20. bxa5 Rxa5 21. Be3 Na4 $132 {Sisniega,M-Ivanov,AV/
Linares/1992}) 19... h6 20. Bxf6 Qxf6 21. Nh2 Nc4 22. Ng4 Qe6 23. Ne3 $16 {
Tseshkovsky,V-Timoshchenko,G/URS-FL Sverdlovsk/1987}) 19. Nh2 (19. Nh4 $5 {
Hjartarsson,J-Gligoric,S/Reykjavik/1995}) 19... Nb6 20. Ng4 Nc4 21. a4 Nxg4 22.
Qxg4 Bd7 23. Nf5 Kh7 24. axb5 axb5 25. Rxa8 Qxa8 26. Qf3 Be6 27. Ne3 Nd2 (27...
Nxe3 28. Bxe6 fxe6 29. Bxe3 d5 $13) 28. Bxd2 Bxb3 29. Nd5 Bxd5 30. exd5 Kg8 31.
Qd3 Qa6 32. f4 Rd8 $2 (32... g6 33. f5 $14) 33. fxe5 dxe5 34. Rxe5 $16 Bd6 35.
Re4 Rc8 36. Qe2 Kf8 37. Be1 Qb7 38. Qd3 Ra8 39. Re2 Kg8 40. Bf2 Ra1+ 41. Re1
Qa6 42. Kf1 Be5 43. Rxa1 Qxa1+ 44. Be1 Qa6 45. g3 f6 46. Kg2 Kf7 47. Bf2 h5 48.
Qf5 Ke7 49. Qg6 Bxc3 50. Qxg7+ Kd8 51. Qf8+ Kd7 52. Qg7+ Kd8 53. Qf8+ Kd7 54.
Qf7+ Kd8 55. Bc5 Be5 56. d6 Qc6+ 57. Kg1 Qd7 58. Qg8+ Qe8 59. Qg7 Qe6 60. Qf8+
Kd7 61. Qg7+ Kd8 62. Qc7+ Ke8 63. Qb8+ Kf7 64. Qb7+ Kg6 65. Qe4+ Kg7 66. Qb7+
Kg6 67. d7 Bc7 68. Qxb5 Qd5 69. Qe2 Qxd7 70. Bf2 Be5 71. Qc4 Kg7 72. h4 Qb7 73.
b5 Qf3 74. Qc6 Qxc6 75. bxc6 {Hecht: L-L entfernter weißer Freibauer, Thema:
vereinzelte - verbundene Freibauern} Kf7 76. Kg2 Ke6 (76... f5 {Hecht} 77. Kf3
Ke6 78. Be3 Bc7 79. Bf4 Bb6 80. Ke2 Bc5 81. Kd3 Bf2 82. Kc4 Bg1 83. Kb5 Ke7 84.
Ka6 Kd8 85. Kb7 $18) 77. g4 (77. Bb6 {Hecht} f5 78. c7 Kd7 79. Kf3 Bd6 $10)
77... hxg4 78. Bg3 Bb2 79. Bf4 f5 80. h5 Bg7 81. Kf2 Bd4+ 82. Ke2 Bb6 83. c7
Kd7 84. h6 (84. h6 {Hecht} Bd4 85. Kd3 Bf6 86. Kc4 Bh8 87. Kd5 Bf6 88. h7 Bg7
89. Be5 $18) 1-0

[Event "Chigorin Memorial 07th"]
[Site "St Petersburg"]
[Date "1999.11.09"]
[Round "8"]
[White "Asrian, Karen"]
[Black "Virovlansky, Semen"]
[Result "1-0"]
[WhiteElo "2575"]
[BlackElo "2406"]
[Annotator "Wedberg,T"]
[PlyCount "73"]
[EventDate "1999.11.02"]
[EventType "swiss"]
[EventRounds "9"]
[EventCountry "RUS"]
[SourceTitle "CBM 074"]
[Source "ChessBase"]
[SourceDate "2000.02.01"]
[SourceVersion "1"]
[SourceVersionDate "2000.02.01"]
[SourceQuality "1"]

1. e4 e5 2. Nf3 Nc6 3. Bb5 a6 4. Ba4 Nf6 5. O-O Be7 6. Re1 b5 7. Bb3 d6 8. c3
O-O 9. h3 Bb7 10. d4 Re8 11. Nbd2 Bf8 12. d5 Ne7 13. Nf1 Ng6 14. a4 $146 {
[%mdl 8] An interesting novelty. Black has redirected his b8-N to g6, so the
Q-side defences are slightly weakened. Rather than trying to press forward on
the flank that Black has strengthened White strikes on the other side.} (14.
N3h2 Nd7 (14... Qd7 15. Ng3 (15. Ng4 Nxe4 16. Rxe4 f5 17. Re1 fxg4 18. hxg4 (
18. Qxg4 Qxg4 19. hxg4 Be7 20. Ng3 Rf8 $13) 18... Qf7 $132 {1-0 Rodriguez,
A-Arencibia,W/Capablanca mem-B 1994/CBM 43 (39)}) 15... Nf4 $6 16. Qf3 Ng6 17.
Nf5 $16 {1-0 Kindermann,S-Glienke,M/Bremen 1998/CBM 68/[Wedberg] (45)}) 15. a3
Nc5 16. Ba2 Nf4 17. c4 c6 18. cxb5 cxb5 19. Bb1 a5 20. h4 $14 {1-0 Topalov,
V-Piket,J/Wijk aan Zee 1996/CBM 51/[Wedberg] (68)}) 14... c6 $6 {A natural
reaction, but it hands d5 to White carte blanche. Black must find some
alternative here to justify his previous play.} (14... h6 {Preventing the
annoying Bg5 and thereby preparing for c6.} 15. N3h2 (15. Qd3 c6 {looks OK for
Black.}) (15. Ng3 {a rather pointless move here} c6 16. dxc6 Bxc6 17. Nh2 d5
$11) 15... Nd7 (15... c6 $6 {again not the right course} 16. Ng4 $1 {fighting
for and gaining control over d5} cxd5 17. Nxf6+ Qxf6 18. Bxd5 $16) 16. Qg4 Nc5
(16... Nf6 17. Qf3 $14) 17. Bc2 Nxa4 18. Bxa4 bxa4 19. Rxa4 $14) 15. dxc6 Bxc6
16. Bg5 $1 h6 17. Bxf6 Qxf6 18. Ne3 Nf4 (18... Bxe4 19. Ng4 Qf4 20. Rxe4 Qxe4
21. Bd5 Qf4 22. Bxa8 Rxa8 23. axb5 $16) 19. Nd5 Bxd5 20. Bxd5 Rab8 (20... Nxd5
21. Qxd5 $16 {Black is down on all counts.}) 21. b4 $1 {[%mdl 32] A nice idea.
White just gives a P on the K-side to keep the positional pressure on the
Q-side.} (21. Kh2 bxa4 $132 {[%cal Yb8b2]}) 21... Qg6 22. g3 Nxh3+ 23. Kf1 Re7
(23... Rec8 24. axb5 axb5 25. Ra7 $40) (23... Ng5 24. axb5 axb5 25. Nxg5 Qxg5 (
25... hxg5 26. Ra5 $16 {><b5}) 26. Qd3 Rec8 27. Re3 Be7 28. Rf3 Bf6 29. Ra7 $16
) 24. axb5 axb5 25. Ra6 Rc7 $5 26. Nxe5 Qf6 27. Nf3 Rxc3 (27... Qxc3 28. Kg2
Ng5 29. Nxg5 (29. Nd4 $14) 29... hxg5 30. Rc6 $3 Qxc6 (30... Rxc6 31. Qh5 $18)
31. Bxc6 Rxc6 32. Rh1 $16) 28. Kg2 g5 (28... Ng5 29. e5 $40) 29. Ra7 Be7 30. e5
$18 {[%csl Rh3][%cal Gd5f3]} dxe5 31. Kxh3 g4+ 32. Kxg4 Rd8 33. Rxe5 Qg6+ 34.
Kh3 Rd3 35. Qe2 R8xd5 36. Rxd5 Rxd5 37. Qxe7 1-0

[Event "FIDE-Wch k.o."]
[Site "Tripoli"]
[Date "2004.06.20"]
[Round "1.2"]
[White "Leitao, Rafael Duailibe"]
[Black "Zhang, Zhong"]
[Result "1-0"]
[WhiteElo "2564"]
[BlackElo "2633"]
[Annotator "Wedberg,T"]
[PlyCount "87"]
[EventDate "2004.06.19"]
[EventType "k.o."]
[EventRounds "7"]
[EventCountry "LBY"]
[SourceTitle "CBM 102"]
[Source "ChessBase"]
[SourceDate "2004.09.23"]
[SourceVersion "1"]
[SourceVersionDate "2004.09.23"]
[SourceQuality "1"]

1. e4 e5 2. Nf3 Nc6 3. Bb5 a6 4. Ba4 Nf6 5. O-O Be7 6. Re1 b5 7. Bb3 d6 8. c3
O-O 9. h3 Bb7 10. d4 Re8 11. Ng5 Rf8 12. Nf3 Re8 13. Nbd2 Bf8 14. d5 Nb8 15.
Nf1 Nbd7 16. N3h2 Nc5 17. Bc2 c6 18. b4 Ncd7 19. dxc6 Bxc6 20. Bg5 h6 21. Bxf6
Nxf6 22. Ng4 Nxg4 23. Qxg4 Bd7 {This idea gives Black an almost equal game.
The weakness of d6 and d5 is compensated by the weak c3-P.} (23... d5 24. exd5
Qxd5 25. Bb3 {is no fun for Black. See 1-0 McShane,L-Stefansson,H/Reykjavik
2003/CBM 94/[McShane] (28)}) 24. Qf3 Be6 25. Bb3 Rc8 26. Qd3 (26. Rac1 Be7 27.
Rc2 a5 28. Qd3 Bxb3 29. axb3 axb4 30. Ne3 bxc3 31. Rxc3 Rxc3 32. Qxc3 Bg5 33.
Nd5 Qd7 $11 {1/2-1/2 Topalov,V-Ivanchuk,V/Monte Carlo 2001/CBM 81 ext (42)})
26... Qc7 27. Rec1 Be7 28. Rc2 Bg5 29. h4 $2 {If White wants to try someting
he needs to get a piece to d5. The P is enough compensation for Black though.}
Bxh4 30. Ne3 Kh8 31. Nd5 Qb7 32. a4 Rf8 33. axb5 axb5 34. Rca2 f5 35. g3 Bg5
36. Ra7 fxe4 37. Qxe4 Bxd5 38. Bxd5 Qb6 39. Rf7 Rxf7 40. Bxf7 Rf8 41. Ra8 {
White must play for a draw now. Black on the other hand starts thinking about
winning - that is the beginning of his downfall in this game.} Bd8 (41... Rxa8
$11) 42. Qd5 Qc7 43. Bg6 $11 {Black's extra P is compensated by White's
activity.} Qxc3 $4 {[%mdl 8192] But what about two P:s?} 44. Qf7 $1 $18 1-0

[Event "GER-ch 70th"]
[Site "Bremen"]
[Date "1998.11.13"]
[Round "8"]
[White "Kindermann, Stefan"]
[Black "Glienke, Manfred"]
[Result "1-0"]
[WhiteElo "2540"]
[BlackElo "2395"]
[Annotator "Wedberg,T"]
[PlyCount "89"]
[EventDate "1998.11.06"]
[EventType "swiss"]
[EventRounds "9"]
[EventCountry "GER"]
[SourceTitle "CBM 068"]
[Source "ChessBase"]
[SourceDate "1999.02.01"]
[SourceVersion "1"]
[SourceVersionDate "1999.02.01"]
[SourceQuality "1"]

1. e4 e5 2. Nf3 Nc6 3. Bb5 a6 4. Ba4 Nf6 5. O-O b5 6. Bb3 d6 7. c3 Be7 8. h3
O-O 9. d4 Bb7 10. Re1 Re8 11. Nbd2 Bf8 12. d5 Ne7 (12... Nb8 $142) (12... Na5
$143) 13. Nf1 Ng6 14. N3h2 Qd7 15. Ng3 (15. Ng4 Nxe4 $5 16. Rxe4 f5 $13 {
1-0 Rodriguez,A-Arencibia,W/Capablanca mem-B 1994/CBM 43/[Wedberg] (39)}) 15...
Nf4 $6 16. Qf3 Ng6 17. Nf5 $16 Be7 18. h4 $40 Bd8 19. h5 Nf4 20. Bxf4 exf4 21.
Qxf4 g6 (21... Nxh5 22. Qg4 Kh8 23. Qxh5 g6 24. Qf3 $16) 22. hxg6 hxg6 23. Nd4
Kg7 24. Nf1 Ng4 25. Ne6+ fxe6 26. Qxg4 $18 Qe7 27. dxe6 Qg5 28. Qxg5 Bxg5 29.
g3 a5 30. a3 Bf6 31. Rad1 Bc8 32. Ne3 Bxe6 33. Bxe6 Rxe6 34. Nd5 Ra7 35. Kg2
Re8 36. f4 Bd8 37. Kf3 c6 38. Ne3 Rd7 39. Nc2 Bb6 40. Re2 a4 41. Nb4 c5 42. Nd5
Rb7 43. Rh2 Rh8 44. Rxh8 Kxh8 45. Nf6 1-0

[Event "Bundesliga 0304"]
[Site "Germany"]
[Date "2003.12.13"]
[Round "5.1"]
[White "Bauer, Christian"]
[Black "Nikolic, Predrag"]
[Result "0-1"]
[WhiteElo "2602"]
[BlackElo "2647"]
[Annotator "Wedberg,T"]
[PlyCount "105"]
[EventDate "2003.11.01"]
[EventType "team-tourn"]
[EventRounds "15"]
[EventCountry "GER"]
[SourceTitle "CBM 099"]
[Source "ChessBase"]
[SourceDate "2004.03.30"]
[SourceVersion "1"]
[SourceVersionDate "2004.03.30"]
[SourceQuality "1"]
[WhiteTeam "St Ingbert"]
[BlackTeam "Solingen"]
[WhiteTeamCountry "GER"]
[BlackTeamCountry "GER"]

1. e4 e5 2. Nf3 Nc6 3. Bb5 a6 4. Ba4 Nf6 5. O-O Be7 6. Re1 b5 7. Bb3 d6 8. c3
O-O 9. h3 Re8 10. Ng5 Rf8 11. Nf3 Re8 12. d4 Bb7 13. Nbd2 (13. a4 {more or
less forces} h6 ({since} 13... Bf8 {allows White to play for the white squares
with} 14. Bg5 $5) 14. Nbd2 Bf8 15. Bc2 {this is the Zaitzev variation.}) 13...
Bf8 14. Bc2 g6 15. d5 Nb8 16. b3 c6 17. c4 Nbd7 18. Nf1 a5 {Locked centre -
flank action - basic chess strategy. White's best shot at advantage in these
locked Ruy Lopez positions lies on the K-side, so it's a good strategy to
create counterplay as soon as possible.} 19. Bg5 h6 20. Be3 Qc7 (20... b4 {
playing for a draw?} 21. a3 h5 22. Qd2 c5 23. Ng3 Bg7 24. Ra2 Nh7 25. Rea1 Rb8
{1/2-1/2/Adams,M-Nikolic,P/Bundesliga 2003}) 21. Ng3 Rec8 22. Bd3 (22. Rc1)
22... bxc4 $5 {[%mdl 4] A different solution to the strategic problems
compared to Adams,M-Nikolic,P above. Opening up the Q-side gives more
possibilities for active play for Black, but also gives White new options.} 23.
bxc4 Nc5 24. Bxc5 $6 {"My worst B is better than any N." Tartakower (?). Bauer
wants a strong N on d5, but will that compensate for the pair of B:s in this
type of semi-open position?} (24. Bc2 Ba6 25. Nd2 cxd5 26. cxd5 Nd3 27. Bxd3
Bxd3 28. Rc1 Qxc1 (28... Qb7 29. Rxc8 Rxc8 30. Qf3 $14) 29. Qxc1 Rxc1 30. Rxc1
$14) 24... dxc5 25. Rb1 Rab8 26. Qc2 Ne8 27. dxc6 Bxc6 28. Nf1 Bg7 29. Ne3 Nd6
30. Nd2 h5 31. Rxb8 Rxb8 32. Nd5 Qa7 $11 33. Rb1 Kf8 34. Kf1 a4 35. Rxb8+ Qxb8
36. Qb1 Qa7 37. Qb2 f5 $5 {A show of ambition. Opening up the position will
increase the strength of Black's B:s.} 38. Qc2 Bh6 $1 {Black increases the
scope of his pieces while White waits for better times.} 39. Nf3 $6 (39. exf5
gxf5 40. Nb1 Qb7 41. Nbc3 e4 42. Be2 a3 $36) 39... Bxd5 $1 40. cxd5 c4 41. Bxc4
fxe4 42. Ne1 (42. Nxe5 Qd4 43. Nd7+ Ke7 44. Ba6 Kxd7 45. Qc6+ Ke7 46. Qc7+ Ke8
$19) 42... Kg7 43. Be2 e3 44. Nf3 (44. Qc3 $142) 44... e4 45. Ne5 Qd4 $17 46.
Nc6 Qf6 47. Ba6 (47. Bd1 $142) 47... Qa1+ 48. Ke2 Qg1 $19 49. Qc3+ Kh7 50. Qf6
Nf5 51. Qf7+ Bg7 52. fxe3 Qxg2+ 53. Ke1 0-1

[Event "Malmo"]
[Site "Malmo"]
[Date "1994.??.??"]
[Round "8"]
[White "Hellers, Ferdinand"]
[Black "Almasi, Zoltan"]
[Result "1/2-1/2"]
[WhiteElo "2560"]
[BlackElo "2610"]
[Annotator "Wedberg,T"]
[PlyCount "55"]
[EventDate "1994.06.??"]
[EventType "tourn"]
[EventRounds "9"]
[EventCountry "SWE"]
[EventCategory "12"]
[SourceTitle "CBM 042"]
[Source "ChessBase"]
[SourceDate "1994.10.01"]
[SourceVersion "1"]
[SourceVersionDate "1994.10.01"]
[SourceQuality "1"]

1. e4 e5 2. Nf3 Nc6 3. Bb5 a6 4. Ba4 Nf6 5. O-O Be7 6. Re1 b5 7. Bb3 d6 8. c3
O-O 9. h3 Bb7 10. d4 Re8 11. Nbd2 Bf8 12. a4 h6 13. Bc2 exd4 14. cxd4 Nb4 15.
Bb1 c5 16. d5 Nd7 17. Ra3 f5 18. g4 $5 {New. This is my own invention - which
I showed to Hellers and de Firmian during last years interzonal in Biel.} f4 $1
(18... fxe4 19. Nxe4 Nxd5 20. g5 $40) 19. Nb3 c4 $5 (19... g5 20. axb5 axb5 21.
Bd2 Ne5 22. Bxb4 Nxf3+ 23. Qxf3 cxb4 24. Rxa8 Qxa8 25. Qd1 Bg7 26. Qd2 $14 {
De Firmian,N-Ivanov,A/US Open/Philadelphia/1993/1-0/37}) 20. Nbd4 Nc5 $132 {
><d3} 21. Bxf4 Qf6 22. Bh2 Nbd3 23. Bxd3 cxd3 {><e4} 24. axb5 axb5 25. Rxa8
Bxa8 26. b4 Nxe4 27. Qxd3 Bxd5 28. Qxb5 (28. Qxb5 Qf7 $44 {><f2}) 1/2-1/2

[Event "Olympiad-31"]
[Site "Moscow"]
[Date "1994.12.05"]
[Round "5.2"]
[White "Kveinys, Aloyzas"]
[Black "Stefansson, Hannes"]
[Result "1/2-1/2"]
[WhiteElo "2510"]
[BlackElo "2560"]
[Annotator "Wedberg,T"]
[PlyCount "58"]
[EventDate "1994.12.01"]
[EventType "team-swiss"]
[EventRounds "14"]
[EventCountry "RUS"]
[SourceTitle "CBM 045"]
[Source "ChessBase"]
[SourceDate "1995.04.01"]
[SourceVersion "1"]
[SourceVersionDate "1995.04.01"]
[SourceQuality "1"]
[WhiteTeam "Lithuania"]
[BlackTeam "Iceland"]
[WhiteTeamCountry "LTU"]
[BlackTeamCountry "ISL"]

1. e4 e5 2. Nf3 Nc6 3. Bb5 a6 4. Ba4 Nf6 5. O-O Be7 6. Re1 b5 7. Bb3 d6 8. c3
O-O 9. h3 Bb7 10. d4 Re8 11. Nbd2 Bf8 12. d5 Nb8 13. Nf1 Nbd7 14. Ng3 Nc5 15.
Bc2 a5 16. Be3 (16. a4 $5 {Ivanchuk,V-Hjartarsson,J/Moscow olm/1994/1-0/ ;CBM
45}) 16... c6 17. c4 (17. b4 axb4 18. cxb4 Na4 $132) 17... Qc7 (17... bxc4 18.
Bxc5 dxc5 19. Ba4 Qc7 20. Qc2 $14) 18. dxc6 Bxc6 19. Nd2 Rab8 $10 20. b3 g6 21.
Qe2 (21. cxb5 $142 Bxb5 22. Rc1) 21... bxc4 22. Nxc4 Nfxe4 $1 23. Nxe4 Nxe4 24.
Bxe4 Bxe4 25. Bb6 Qb7 26. Qxe4 d5 27. Qg4 dxc4 28. Bxa5 cxb3 29. axb3 h5 (29...
h5 30. Qg5 Qxb3 31. Bc7 Rb5 32. Rxe5 Rexe5 33. Bxe5 Qd5 34. Re1 Bg7 35. f4 $15)
1/2-1/2

[Event "Yopal"]
[Site "Yopal"]
[Date "1997.06.28"]
[Round "8"]
[White "Morovic Fernandez, Ivan"]
[Black "Arencibia Rodriguez, Walter"]
[Result "1-0"]
[WhiteElo "2580"]
[BlackElo "2560"]
[Annotator "Wedberg,T"]
[PlyCount "97"]
[EventDate "1997.06.20"]
[EventType "tourn"]
[EventRounds "9"]
[EventCountry "COL"]
[EventCategory "12"]
[SourceTitle "CBM 060"]
[Source "ChessBase"]
[SourceDate "1997.09.29"]
[SourceVersion "1"]
[SourceVersionDate "1997.09.29"]
[SourceQuality "1"]

1. e4 e5 2. Nf3 Nc6 3. Bb5 a6 4. Ba4 Nf6 5. O-O Be7 6. Re1 b5 7. Bb3 d6 8. c3
O-O 9. h3 Nd7 10. d4 Bf6 11. a4 Bb7 12. Na3 exd4 13. cxd4 Re8 14. Bc2 Nb4 $146
(14... Nb6 15. b3 Nb4 16. Bb1 c5 17. axb5 axb5 18. Bb2 $14 {1-0 Polgar,
J-Rubinetti,J/Buenos Aires 1992/TD 92\05 (28)}) 15. Bb1 c5 16. Bf4 Nf8 (16...
cxd4 17. axb5 axb5 18. Nxd4 Nc5 $132) 17. Qd2 Nc6 (17... Ne6 18. Be3 bxa4 $13)
18. d5 Na5 19. Ba2 Ng6 20. Bg3 b4 21. Nc4 Nxc4 22. Bxc4 $14 a5 23. Qc2 Qe7 24.
Rad1 Ba6 25. Nd2 h5 26. Bxa6 Rxa6 27. Nc4 h4 28. Bh2 Bd4 29. Kf1 Qf6 30. Rd3
Ne5 31. Bxe5 Bxe5 32. Qe2 Ra7 33. Rf3 Qd8 34. Rd3 Bd4 35. Qg4 g6 36. Qf4 Be5
37. Qf3 Bd4 38. Qf4 Be5 39. Qf3 Bd4 40. Rdd1 Kg7 41. Re2 Qd7 42. b3 Qd8 43. Qg4
Rf8 44. Rd3 Re8 45. f4 Qf6 46. Rf3 Rae7 $2 (46... Qd8) 47. e5 $1 Kg8 $4 (47...
dxe5 48. fxe5 Qa6 49. e6 (49. Nd6 $2 Qxd6 50. exd6 Rxe2 $19) 49... fxe6 50. d6
Rd7 51. Qxh4 $14) 48. exf6 Rxe2 49. Ne5 $1 1-0